Statistiques concernant Villes de Nouvelle-Aquitaine - Click Quiz

Cliquez ici pour prendre le quiz!

Statistiques générales

  • Ce quiz a été pris 91 fois
  • Le résultat moyen est 15 sur 20

Statistiques - réponses

HintRéponse% Correct
BiarritzPyrenées-Atlantiques
91%
ArcachonGironde
90%
NiortDeux-Sèvres
85%
Brive-la-GaillardeCorrèze
84%
PérigueuxDordogne
84%
LibourneGironde
83%
AgenLot-et-Garonne
83%
AngoulêmeCharente
80%
HendayePyrenées-Atlantiques
79%
RochefortCharente-Maritime
77%
DaxLandes
77%
BergeracDordogne
76%
SaintesCharente-Maritime
72%
RoyanCharente-Maritime
72%
LimogesHaute-Vienne
72%
CognacCharente
70%
ChâtelleraultVienne
55%
La SouterraineCreuse
50%
MarmandeLot-et-Garonne
50%
BellacHaute-Vienne
43%

Distribution des résultats

Percentile par nombre de réponses

% des personnes avec chaque résultat

Votre développement - résultats

Vous n’avez pas pris ce quiz